000 01442cam a2200385 a 4500
001 8199
003 FISKH
005 20250902090018.0
008 991018s2000 nyua b 000 1 eng
010 _a 99054825
020 _a0439049970
_qHC
020 _a9789386041326
020 _a9780439049979
_q(HC)
035 _a11812836
040 _aDLC
_cDLC
_dDLC
_beng
050 0 0 _aPZ7.P63123
_bCatp 2000
082 _a813.54
100 1 _aPilkey, Dav,
_d1966-
245 1 0 _aCaptain Underpants and the perilous plot of Professor Poopypants :
_bthe fourth epic novel /
_cby Dav Pilkey.
260 _aNew York :
_bBlue Sky Press,
_c2000.
300 _a151 pages :
_billustrations ;
_c22 cm
336 _atext
_btxt
_2rdacontent
337 _aunmediated
_bn
_2rdamedia
338 _avolume
_bnc
_2rdacarrier
520 _aWhen Professor Pippy P. Poopypants comes to Jerome Horwitz Elementary School to teach science, and he goes off the deep end because students make fun of his name, only Captain Underpants can save the school from the professor's perilous plot.
650 1 _aSchools
_vFiction.
650 1 _aSchool principals
_vFiction.
650 1 _aHeroes
_vFiction.
650 1 _aCartoons and comics
_vFiction.
650 1 _aHumorous stories.
655 7 _aFiction.
_2lcgft
_0https://id.loc.gov/authorities/genreForms/gf2014026339
906 _a7
_bcbc
_corignew
_d1
_eocip
_f19
_gy-gencatlg
942 _2ddc
_cBK
_n0
999 _c8199
_d8199